Термодинамика и термокинетика структурообразования в чугунах и сталях

Bibliografiske detaljer
Hovedforfatter: Сильман Г. И. Григорий Ильич
Summary:Кратко изложены основные понятия и некоторые правила термодинамики сплавов, включая общие вопросы, ранее изученные недостаточно. Сформулировано несколько правил химической термодинамики, определены условия соблюдения закона межфазного распределения элементов (закона Нернста), выведены уравнения температурной и концентрационной зависимости коэффициентов межфазного распределения элементов. Значительное внимание обращено на метод Хиллерта. На его основе разработаны некоторые новые положения геометрической термодинамики и способ расчета разрезов диаграмм состояния тройных и более сложных систем. С использованием методов термодинамического и термокинетического анализа выполнен ряд металловедческих разработок для сложных систем на основе железа, изучены некоторые малоизвестные явления и эффекты, предложены новые структурные составляющие, механизмы и условия их формирования. Предназначена для материаловедов и металлургов, полезна студентам вузов соответствующих специальностей.
Sprog:russisk
Udgivet: Москва, Машиностроение, 2007
Fag:
Format: MixedMaterials Bog
KOHA link:https://koha.lib.tpu.ru/cgi-bin/koha/opac-detail.pl?biblionumber=115902

MARC

LEADER 00000nam0a2200000 4500
001 115902
005 20231101215307.0
010 |a 9785217033980 
035 |a (RuTPU)RU\TPU\book\125397 
090 |a 115902 
100 |a 20070515d2007 k y0rusy50 ca 
101 0 |a rus 
102 |a RU 
105 |a a z 001zy 
200 1 |a Термодинамика и термокинетика структурообразования в чугунах и сталях  |f Г. И. Сильман 
210 |a Москва  |c Машиностроение  |d 2007 
215 |a 302 с.  |c ил. 
320 |a Список литературы: с. 290-298. 
330 |a Кратко изложены основные понятия и некоторые правила термодинамики сплавов, включая общие вопросы, ранее изученные недостаточно. Сформулировано несколько правил химической термодинамики, определены условия соблюдения закона межфазного распределения элементов (закона Нернста), выведены уравнения температурной и концентрационной зависимости коэффициентов межфазного распределения элементов. Значительное внимание обращено на метод Хиллерта. На его основе разработаны некоторые новые положения геометрической термодинамики и способ расчета разрезов диаграмм состояния тройных и более сложных систем. С использованием методов термодинамического и термокинетического анализа выполнен ряд металловедческих разработок для сложных систем на основе железа, изучены некоторые малоизвестные явления и эффекты, предложены новые структурные составляющие, механизмы и условия их формирования. Предназначена для материаловедов и металлургов, полезна студентам вузов соответствующих специальностей. 
606 1 |a Сталь  |x Физические свойства  |2 stltpush  |3 (RuTPU)RU\TPU\subj\56342  |9 74253 
606 1 |a Чугун  |x Термическая обработка  |2 stltpush  |3 (RuTPU)RU\TPU\subj\18796  |9 44166 
610 1 |a металловедение 
610 1 |a чугун 
610 1 |a сплавы 
610 1 |a термодинамика 
610 1 |a многофазные сплавы 
610 1 |a метод Хиллерта 
610 1 |a углерод 
610 1 |a термодинамическая активность 
610 1 |a легирующие элементы 
610 1 |a растворы 
610 1 |a стабильность 
610 1 |a структурообразование 
610 1 |a термокинетические особенности 
675 |a 669.14:53  |v 3 
675 |a 669.13  |v 3 
700 1 |a Сильман  |b Г. И.  |g Григорий Ильич 
801 1 |a RU  |b 63413507  |c 20070515  |g PSBO 
801 2 |a RU  |b 63413507  |c 20200824  |g PSBO 
942 |c BK 
959 |a 42/20070515  |d 2  |e 0  |f УФ:1  |f ЧЗТЛ:1